Statystyki dla Quiz z geografii i historii

Kliknij tutaj aby rozwiązać quiz!

Ogólne statystyki

  • Ten quiz został rozwiązany 901 razy
  • Średni wynik to 7 z 8

Statystyki odpowiedzi

pytanieodpowiedź% Poprawnych
stolica polskiwarszawa
100%
największe państwo na świecierosja
97%
pierwsza stolica polskigniezno
94%
stolica usawaszyngton
94%
pierwszy władca polskimieszko 1
92%
najludniejsze państwo na świecieindie
89%
drugienajludniejsze miasto w polscekraków
87%
według histor założył pierwszą osadę w polscelech
45%

Rozkład punktacji

Percentyl według liczby udzielonych odpowiedzi

Procent ludzi z każdym wynikiem

Twoja historia wyników

Nie rozwiązałeś tego quizu